000 01450cam a2200385 a 4500
001 14077149
003 OSt
005 20260415094831.0
008 050817s2005 ke a b 000 0 eng
010 _a 2005326514
020 _a9966888772
035 _a14077149
040 _aDLC
_cDLC
_dDLC
042 _alcode
050 0 0 _aHD57.7
_b.R464 2005
082 0 0 _a174/.4
_222
245 0 0 _aResponsible leadership :
_bglobal perspectives /
_cedited by Christoph Stückelberger and J.N.K. Mugambi.
260 _aNairobi, Kenya :
_bActon Publishers,
_c2005.
300 _axii, 160 p. :
_bill. ;
_c21 cm.
336 _atext
_btxt
_2rdacontent
337 _aunmediated
_bn
_2rdamedia
338 _avolume
_bnc
_2rdacarrier
440 0 _aGlobethics.net series ;
_vno. 1
504 _aIncludes bibliographical references.
650 0 _aLeadership
_xMoral and ethical aspects
_vCase studies.
650 0 _aLeadership
_xReligious aspects
_vCase studies.
655 7 _aCase studies.
_2lcgft
_0https://id.loc.gov/authorities/genreForms/gf2017026140
700 1 _aStückelberger, Christoph,
_d1951-
700 1 _aMugambi, J. N. Kanyua.
856 4 1 _3Table of contents
_uhttp://www.loc.gov/catdir/toc/fy0603/2005326514.html
906 _a7
_bcbc
_corigode
_d2
_encip
_f20
_gy-gencatlg
942 _2lcc
_cBK
999 _c21611
_d21610